000 00388nam a2200145 4500
001 16381
010 _a9789895665419
021 _b550346/25
090 _a16381
100 _a20250731 pory50
200 _aOs lápis com que eu desenhava
_d(Poesia Popular)
_fJoão António Carriço Grilo
210 _aFamões
_cEd. Colibri
_d2025
215 _a132 p.
801 _aPT
_bBMA
_gRPC
990 _cLIVROS